Normal view
MARC view
- Cuentos otomíes
Entry Materia
001 - NÚMERO DE CONTROL DEL REGISTRO
- campo de control: 18902
003 - IDENTIFICADOR DE NUMERO DE CONTROL
- campo de control: MX-MxUPN
005 - FECHA Y HORA DE LA ÚLTIMA TRANSACCIÓN
- campo de control: 20230613135037.0
008 - DATOS DE LONGITUD FIJA
- campo de control de longitud fija: 230613nn anznnbabn n aaa |d
035 ## - NÚMERO DE CONTROL DEL SISTEMA
- Número de control del sistema: UPN10000018911
040 ## - FUENTE DE LA CATALOGACIÓN
- Lengua de catalogación: spa
- Centro catalogador de origen: MX-MxUPN
150 ## - ENCABEZAMIENTO - TEMÁTICO
- Término de materia o nombre geográfico como elemento inicial: Cuentos otomíes
670 ## - FUENTE EN LA QUE SE LOCALIZARON DATOS
- Cita de la fuente: Escamilla González, G. Lista de encabezamientos de materia, 1978 :
- Información localizada: página 225 (Cuentos nahuas)
902 ## - CATALOGADOR
- Catalogador: MMA/070911
- Catalogador: VíctorGodínez/130623
